Trophées de la LNH - Statistiques

Statistiques générales
  • Ce quiz a été pris 6 fois
  • Le résultat moyen est 5 sur 16
Statistiques - réponses
Quoi? Trophées: % Correct
Joueur ayant le plus de point en saison régulière Trophée Art Ross
80%
Gagnant des séries éliminatoires Coupe Stanley
60%
Meilleur recrue de l'année Trophée Calder
60%
Joueur le plus utile à son équipe durantles éliminatoires de la Coupe Stanley Trophée Conn Smythe
60%
Décerné au joueur qui a marqué le plus de buts Trophée Maurice Richard
60%
Joueur le plus utile à son équipe en saison régulière Trophée Hart
40%
Meilleur entraîneur Trophée Jack Adams
40%
Meilleur Gardien Trophée Vézina
40%
Meilleur exemple de persévérance, esprit sportif et implication Trophée Bill Masterton
20%
Attaquant qui a démontré le plus haut degréd’excellence dans l’aspect défensif du jeu Trophée Frank J. Selke
20%
Meilleur défenseur Trophée James Norris
20%
Vainqueur de la finale de l'association de l'Est Trophée Prince de Galles
20%
Joueur qui a démontré le plus de persévérance,d’esprit sportif et de dévouement pour le hockey Trophée Bill Masterton
0%
Vainqueur de la finale de l'association de l'Ouest Trophée Clarence-S.-Campbell
0%
Joueur qui a démontré le meilleuresprit sportif ainsi qu’une grande habileté Trophée Lady Bying
0%
Gardiens de but ayant laplus basse moyenne de buts accordés. Trophée William M.Jennings
0%
Aucun quiz correspondant
Distribution des résultats
% des personnes avec chaque résultat
Percentile par nombre de réponses
Votre historique - résultats
Vous n’avez pas pris ce quiz